[Event "G7, gruppe 3"]
[Site "Skorping"]
[Date "2017.04.11"]
[Round "1"]
[White "Andersen, Aage Kristian"]
[Black "Staugaard, Henning"]
[Result "0-1"]
[WhiteElo "1678"]
[BlackElo "1493"]
[PlyCount "78"]
[EventDate "2017.04.11"]

1. d4 d5 2. c4 Nf6 3. Nc3 e6 4. e3 Bb4 5. a3 Bxc3+ 6. bxc3 O-O 7. Nf3 Nc6 8.
Be2 Re8 9. cxd5 exd5 10. O-O Bf5 11. c4 h6 12. cxd5 Nxd5 13. Bb2 Nce7 14. Rc1
Qd6 15. Nd2 Rac8 16. e4 Nf4 17. exf5 Nxf5 18. Bg4 Qg6 19. Qf3 Ne2+ 20. Kh1 Nh4
21. Qh3 Nxc1 22. Rxc1 Rcd8 23. Qxh4 Qc2 24. Nf3 Qxb2 25. Rg1 Qxa3 26. Qg3 c5
27. dxc5 Qxc5 28. h3 b5 29. Ne1 a5 30. Nd3 Qc3 31. Nf4 Qxg3 32. fxg3 b4 33. Bd1
Re3 34. Be2 g5 35. Bc4 gxf4 36. gxf4 Rd4 37. Bb5 b3 38. Rb1 a4 39. f5 a3 0-1

[Event "G7, gruppe 3"]
[Site "Skorping"]
[Date "2017.04.11"]
[Round "1"]
[White "Christensen, Michael Leon"]
[Black "Tolba, Henri"]
[Result "0-1"]
[WhiteElo "1467"]
[BlackElo "1679"]
[PlyCount "155"]
[EventDate "2017.04.11"]

1. d4 d5 2. c4 c6 3. Nc3 Nf6 4. Qc2 g6 5. Nf3 Bf5 6. Qb3 Qb6 7. c5 Qxb3 8. axb3
Nbd7 9. b4 Bg7 10. e3 O-O 11. b5 cxb5 12. Bxb5 a6 13. Be2 e6 14. Nh4 h6 15.
Nxf5 gxf5 16. b3 Ne4 17. Nxe4 fxe4 18. Ba3 Rfc8 19. Kd2 e5 20. Bg4 Rc7 21. Bxd7
Rxd7 22. Bb2 exd4 23. exd4 f5 24. Raf1 Re8 25. f4 Re6 26. h3 h5 27. g3 b6 28.
Rc1 bxc5 29. Rxc5 Rb6 30. Ra1 Rxb3 31. Bc3 Bxd4 32. Bxd4 Rd3+ 33. Ke2 Rxd4 34.
Rxa6 Rc4 35. Rxc4 dxc4 36. Rc6 Rd3 37. Rc5 Rxg3 38. Rxf5 Rxh3 39. Re5 c3 40.
Rxe4 Rh2+ 41. Kd3 c2 42. Rc4 h4 43. Ke3 h3 44. Kf3 Rd2 45. Ke3 h2 46. Kxd2 h1=Q
47. Rxc2 Qh2+ 48. Kd3 Qxf4 49. Re2 Kf7 50. Re4 Qf1+ 51. Re2 Kf6 52. Ke3 Qc1+
53. Kf3 Kf5 54. Kf2 Kf4 55. Re8 Qc5+ 56. Ke1 Qc1+ 57. Kf2 Qd2+ 58. Re2 Qd3 59.
Ke1 Qc3+ 60. Kf2 Qg3+ 61. Kf1 Qh3+ 62. Kf2 Qh4+ 63. Kg2 Qg4+ 64. Kf2 Qg3+ 65.
Kf1 Qd3 66. Kf2 Qd1 67. Re8 Qd4+ 68. Kf1 Qb4 69. Kf2 Qa3 70. Re2 Qa1 71. Re8
Qd4+ 72. Kf1 Kf3 73. Rf8+ Ke3 74. Re8+ Kd2 75. Re2+ Kd3 76. Re8 Qf6+ 77. Kg1
Qg6+ 78. Kf1 0-1

[Event "G7, gruppe 3"]
[Site "Skorping"]
[Date "2017.04.11"]
[Round "1"]
[White "Christensen, John Christopher H"]
[Black "Bogo, Mathias"]
[Result "0-1"]
[WhiteElo "1408"]
[BlackElo "1465"]
[PlyCount "120"]
[EventDate "2017.04.11"]

1. d4 g6 2. c4 Bg7 3. Nc3 d6 4. Nf3 Bg4 5. Bf4 Nd7 6. e3 e5 7. Bg3 exd4 8. exd4
Bxf3 9. Qxf3 Bxd4 10. Qe4+ Qe7 11. Qxe7+ Nxe7 12. Be2 Bxc3+ 13. bxc3 O-O 14.
O-O Nf5 15. Rab1 Nxg3 16. hxg3 Rab8 17. f4 Nf6 18. Bf3 b6 19. g4 Rfe8 20. Rbe1
Rxe1 21. Rxe1 Re8 22. Rc1 Kf8 23. Kf1 Ne4 24. Kg1 Nc5 25. Rd1 Re3 26. Rc1 Ne4
27. Kf1 Rxc3 28. Rxc3 Nxc3 29. a3 Nb1 30. a4 Nc3 31. Bc6 Ke7 32. Kf2 Ke6 33.
Ke3 Nd1+ 34. Kd2 Nf2 35. Bd5+ Ke7 36. g5 f6 37. Ke2 Ng4 38. Kf3 Nh2+ 39. Kg3
Nf1+ 40. Kf2 Nd2 41. Ke2 Nb3 42. Bg8 fxg5 43. fxg5 Kf8 44. Bd5 Nc5 45. Bc6 Ne6
46. Bd5 Nxg5 47. Ke3 Nf7 48. Bxf7 Kxf7 49. Ke4 Ke6 50. g4 c6 51. Kf4 d5 52.
cxd5+ cxd5 53. Ke3 Ke5 54. g5 d4+ 55. Kd3 Kd5 56. Kd2 Ke4 57. Ke2 d3+ 58. Kd2
Kd4 59. Kd1 Kc3 60. Kc1 a6 0-1

[Event "G7, gruppe 3"]
[Site "Skorping"]
[Date "2017.04.11"]
[Round "1"]
[White "Weerd, Jens Ole van de"]
[Black "Holten, Stig Abildgaard"]
[Result "0-1"]
[WhiteElo "1438"]
[BlackElo "1588"]
[PlyCount "74"]
[EventDate "2017.04.11"]

1. d4 Nf6 2. Nf3 d5 3. Bf4 c5 4. c3 Nc6 5. e3 Bg4 6. Nbd2 cxd4 7. cxd4 e6 8.
Be2 Bd6 9. Bxd6 Qxd6 10. O-O O-O 11. Ng5 Bxe2 12. Qxe2 Rac8 13. Qd3 Rc7 14. Nb3
Rfc8 15. a3 b6 16. Nd2 h6 17. Ngf3 Ne7 18. Ne5 Nd7 19. f4 Nf6 20. Rf3 g6 21.
Raf1 Rc2 22. b4 R8c3 23. Qe2 Rxa3 24. Nd3 Ne4 25. Rd1 Raa2 26. Qe1 Rxd2 27.
Rxd2 Rxd2 28. Qh4 Nf5 29. Qe1 Rxd3 30. g4 Rxe3 31. Rxe3 Nxe3 32. Qxe3 Qxb4 33.
f5 Qd2 34. Qh3 Qxd4+ 35. Kg2 Qf2+ 36. Kh1 Qf4 37. Qh4 Qf1# 0-1

[Event "G7, gruppe 3"]
[Site "Skorping"]
[Date "2017.04.11"]
[Round "1"]
[White "Dithlevsen, Birgit"]
[Black "Jacobsen, Per"]
[Result "0-1"]
[WhiteElo "1615"]
[BlackElo "1574"]
[PlyCount "152"]
[EventDate "2017.04.11"]

1. e4 Nf6 2. e5 Nd5 3. c4 Nb6 4. Nc3 d6 5. d4 Nc6 6. Nf3 Bg4 7. Be3 dxe5 8. d5
Nd4 9. Bxd4 exd4 10. Qxd4 Bxf3 11. gxf3 e6 12. Qe4 Qe7 13. dxe6 Qxe6 14. O-O-O
c6 15. b3 Bc5 16. Qxe6+ fxe6 17. Ne4 Ba3+ 18. Kc2 O-O 19. Be2 a5 20. Rhg1 a4
21. Kc3 axb3 22. axb3 Be7 23. Ra1 Rxa1 24. Rxa1 Nd5+ 25. cxd5 exd5 26. Ra7 dxe4
27. Bc4+ Kh8 28. fxe4 Bf6+ 29. Kd3 Rd8+ 30. Ke2 Rb8 31. f4 Bd4 32. Ra2 h6 33.
e5 Rf8 34. Bd3 g5 35. f5 Bxe5 36. Ra7 b5 37. h3 Re8 38. Kf3 Bd4 39. Ra6 Re3+
40. Kg4 Rxd3 41. Kh5 Bg7 42. Ra8+ Kh7 43. Ra7 Rd6 44. Kg4 Rd4+ 45. Kg3 Rf4 46.
Rf7 Kg8 47. Rc7 Rxf5 48. Rxc6 b4 49. Rb6 Bf8 50. h4 gxh4+ 51. Kxh4 Rf3 52. Rg6+
Kf7 53. Rb6 Rxb3 54. Kg4 Re3 55. Kf4 Re8 56. Kf5 Kg8 57. Kg6 Re7 58. Kf6 Rd7
59. Kf5 Kf7 60. Rf6+ Ke8 61. Re6+ Kd8 62. Rb6 Ke8 63. Rb8+ Kf7 64. Rb5 Be7 65.
Ke4 Rd6 66. Rf5+ Kg6 67. Rb5 h5 68. Kf4 h4 69. Kg4 Rd4+ 70. Kh3 Rd6 71. Kg4
Rd4+ 72. Kh3 Rd3+ 73. Kg4 b3 74. Rb6+ Bf6 75. Kf4 b2 76. Ke4 Rd1 0-1

[Event "G7, gruppe 3"]
[Site "Skorping"]
[Date "2017.04.12"]
[Round "2"]
[White "Holten, Stig Abildgaard"]
[Black "Munksgaard, Bo"]
[Result "0-1"]
[WhiteElo "1588"]
[BlackElo "1724"]
[PlyCount "40"]
[EventDate "2017.04.11"]

1. d4 e6 2. Nf3 f5 3. g3 Nf6 4. Bg5 Be7 5. Bg2 O-O 6. Nbd2 d6 7. e3 Qe8 8. Qe2
Nc6 9. O-O Kh8 10. Bxf6 Bxf6 11. c3 e5 12. dxe5 dxe5 13. Rad1 e4 14. Nd4 Ne5
15. f4 Nd3 16. N2b3 c5 17. Nc2 Nxb2 18. Rc1 Nd3 19. Rcd1 b6 20. Rxd3 Ba6 0-1

[Event "G7, gruppe 3"]
[Site "Skorping"]
[Date "2017.04.12"]
[Round "2"]
[White "Tolba, Henri"]
[Black "Bogo, Mathias"]
[Result "1/2-1/2"]
[WhiteElo "1679"]
[BlackElo "1465"]
[PlyCount "97"]
[EventDate "2017.04.11"]

1. c4 e5 2. Nc3 Nf6 3. g3 Nc6 4. Bg2 Bc5 5. e3 Qe7 6. a3 a6 7. b4 Ba7 8. Bb2 d6
9. Nd5 Nxd5 10. cxd5 Nb8 11. Ne2 O-O 12. Rc1 Nd7 13. Rxc7 Bb6 14. Rc4 Nf6 15.
O-O Bd7 16. Rc1 Rfe8 17. e4 Bg4 18. h3 Bd7 19. Kh2 a5 20. Bc3 axb4 21. Bxb4 Ba4
22. Qe1 Nd7 23. Nc3 Nc5 24. Qe2 Bd7 25. Rb1 Rec8 26. Rfc1 f5 27. f3 Na6 28. Nb5
Nxb4 29. Rxc8+ Rxc8 30. axb4 Bxb5 31. Qxb5 Bd4 32. exf5 Rf8 33. Qd3 Qf7 34. f4
Qxf5 35. Be4 Qh5 36. f5 Rf6 37. Rf1 Qf7 38. Kg2 g6 39. g4 g5 40. Rc1 Kg7 41.
Rc8 Qe7 42. Qc4 Rf7 43. Qb5 Kf6 44. Qc4 Qd7 45. Bc2 Bb6 46. Ra8 Qc7 47. Rc8
Qxc4 48. Rxc4 Rc7 49. Rxc7 1/2-1/2

[Event "G7, gruppe 3"]
[Site "Skorping"]
[Date "2017.04.12"]
[Round "2"]
[White "Jensen, Johannes Frank"]
[Black "Andersen, Aage Kristian"]
[Result "0-1"]
[WhiteElo "1201"]
[BlackElo "1678"]
[PlyCount "132"]
[EventDate "2017.04.11"]

1. d4 d5 2. Nc3 Nf6 3. Bg5 e6 4. Nf3 Be7 5. Bxf6 Bxf6 6. e4 dxe4 7. Nxe4 Be7 8.
Be2 O-O 9. Neg5 Bxg5 10. Nxg5 Qxg5 11. Bf3 Qb5 12. Qc1 Nd7 13. a4 Qb4+ 14. c3
Qe7 15. Qe3 Nf6 16. O-O Rb8 17. c4 c6 18. b4 Qxb4 19. Qd3 Rd8 20. Bd1 Qd6 21.
Bc2 Qxd4 22. Rfd1 Qxd3 23. Bxd3 e5 24. Bxh7+ Kxh7 25. Rxd8 Kg6 26. h3 Kf5 27.
g4+ Ke6 28. Rad1 Ke7 29. g5 Ne4 30. h4 Nc5 31. a5 Ne6 32. Rh8 Nf8 33. h5 Be6
34. Rc1 Nd7 35. Rxb8 Nxb8 36. f4 exf4 37. Kf2 Nd7 38. h6 gxh6 39. gxh6 Kf8 40.
h7 Kg7 41. Rh1 Kh8 42. Kf3 Bf5 43. Kxf4 Bxh7 44. Rg1 Bg6 45. c5 Kg7 46. Ra1
Nxc5 47. Ke5 b6 48. Kd6 Be4 49. Rg1+ Kf8 50. axb6 axb6 51. Rg3 Bd5 52. Rg1 Ne4+
53. Kd7 b5 54. Rg4 Nf6+ 55. Kd6 Nxg4 56. Kc5 f5 57. Kd4 f4 58. Kd3 f3 59. Kd2
f2 60. Kc2 f1=Q 61. Kd2 Qf2+ 62. Kd3 Ne5+ 63. Kc3 Qe3+ 64. Kc2 Bb3+ 65. Kb2
Nc4+ 66. Kb1 Qe1# 0-1

[Event "G7, gruppe 3"]
[Site "Skorping"]
[Date "2017.04.12"]
[Round "2"]
[White "Dithlevsen, Birgit"]
[Black "Christensen, John Christopher H"]
[Result "1-0"]
[WhiteElo "1615"]
[BlackElo "1408"]
[PlyCount "77"]
[EventDate "2017.04.11"]

1. e4 c6 2. Nc3 d5 3. exd5 cxd5 4. Bb5+ Nc6 5. Qf3 Nf6 6. h3 e6 7. Nge2 Bd7 8.
Bxc6 Bxc6 9. Nd4 Qb6 10. Nxc6 Qxc6 11. d3 Bb4 12. Bd2 O-O 13. a3 Ba5 14. b4 Bb6
15. Rc1 Bd4 16. Nd1 Rac8 17. c3 Be5 18. d4 Bd6 19. O-O Ne4 20. Qd3 Qa4 21. f3
Nxd2 22. Qxd2 Qxa3 23. Nb2 Qa6 24. Ra1 Qb6 25. Na4 Qc7 26. Qd3 a6 27. Rfc1 Qc6
28. Kf2 Rc7 29. Nc5 Ra8 30. b5 Qe8 31. bxa6 Bxc5 32. dxc5 Rxc5 33. axb7 Rb8 34.
Rcb1 Rc7 35. Ra7 Qf8 36. Rb3 Qc5+ 37. Qd4 Qxd4+ 38. cxd4 Kf8 39. Ra8 1-0

[Event "G7, gruppe 3"]
[Site "Skorping"]
[Date "2017.04.12"]
[Round "2"]
[White "Nielsen, Rune"]
[Black "Weerd, Jens Ole van de"]
[Result "0-1"]
[WhiteElo "1339"]
[BlackElo "1438"]
[PlyCount "92"]
[EventDate "2017.04.11"]

1. e4 e6 2. f3 d5 3. d3 c5 4. Be2 Bd6 5. Nc3 Ne7 6. f4 f6 7. Nf3 O-O 8. Rf1 Qa5
9. Bd2 Nbc6 10. Nxd5 Qd8 11. Ne3 Bxf4 12. g3 Bc7 13. Bc3 b5 14. d4 cxd4 15.
Nxd4 Nxd4 16. Qxd4 Qe8 17. Bb4 Bb6 18. Qd3 a6 19. O-O-O Bb7 20. Qb3 Bc8 21. Bf3
Ra7 22. Bg4 Qc6 23. Nf5 Nxf5 24. Bxf5 Re8 25. Rd6 Qb7 26. Rxe6 Bxe6 27. Bxe6+
Kh8 28. Bd5 Qd7 29. Qc3 Rc7 30. Qd2 Rcc8 31. Bc3 Qh3 32. b3 Qxf1+ 33. Kb2 Rcd8
34. Bd4 Bxd4+ 35. Qxd4 Qe2 36. Qa7 Rc8 37. Qd4 Rxc2+ 38. Ka3 Rxa2+ 39. Kb4 a5+
40. Kc5 Rc2+ 41. Kb6 b4 42. Bf7 Rb8+ 43. Ka7 Qb5 44. Qd8+ Rxd8 45. Bc4 Rd7+ 46.
Ka8 Qb7# 0-1

[Event "G7, gruppe 3"]
[Site "Skorping"]
[Date "2017.04.12"]
[Round "2"]
[White "Jacobsen, Per"]
[Black "Staugaard, Henning"]
[Result "1/2-1/2"]
[WhiteElo "1574"]
[BlackElo "1493"]
[PlyCount "49"]
[EventDate "2017.04.11"]

1. b3 e5 2. Bb2 Nc6 3. e3 d5 4. Nf3 Bg4 5. Be2 Bd6 6. O-O a6 7. d4 e4 8. Nfd2
Bxe2 9. Qxe2 Qh4 10. g3 Qh3 11. a3 Nf6 12. c4 Ng4 13. f4 O-O 14. cxd5 Ne7 15.
Nxe4 Nxd5 16. Ng5 Qh6 17. Qxg4 Nxe3 18. Qf3 Nxf1 19. Qxf1 Rfe8 20. Nc3 Re3 21.
Qc4 Qh5 22. Rf1 c6 23. d5 c5 24. a4 Rae8 25. Nce4 1/2-1/2

[Event "G7, gruppe 3"]
[Site "Skorping"]
[Date "2017.04.13"]
[Round "3"]
[White "Staugaard, Henning"]
[Black "Tolba, Henri"]
[Result "0-1"]
[WhiteElo "1493"]
[BlackElo "1679"]
[PlyCount "144"]
[EventDate "2017.04.11"]

1. e4 c5 2. Nf3 Nc6 3. Bc4 e6 4. Nc3 g6 5. O-O Bg7 6. h3 Nge7 7. d3 a6 8. Be3
d6 9. a3 O-O 10. Qd2 Nd4 11. Bxd4 cxd4 12. Ne2 b5 13. Ba2 e5 14. c3 dxc3 15.
bxc3 Be6 16. Rfd1 Bxa2 17. Rxa2 d5 18. Qc1 dxe4 19. dxe4 Qc7 20. Rc2 Rfd8 21.
Ng3 Rxd1+ 22. Qxd1 Rd8 23. Qc1 Qc4 24. Rd2 Rxd2 25. Qxd2 Qc7 26. Ne2 h6 27. Ne1
Nc8 28. Nc2 Nd6 29. Ng3 Nc4 30. Qd3 Qd6 31. Qxd6 Nxd6 32. Nb4 a5 33. Nc6 Nc4
34. Ne2 a4 35. Nc1 Nxa3 36. Na2 Nc4 37. Na7 Nd6 38. f3 Kf8 39. Kf2 Ke8 40. Nc6
Kd7 41. Ncb4 Bf8 42. Ke2 f5 43. Kd3 fxe4+ 44. fxe4 Nc4 45. Nd5 Bc5 46. Ke2 Bd6
47. Kd3 Ke6 48. Ke2 h5 49. Kd3 g5 50. Ke2 g4 51. hxg4 hxg4 52. Kd3 Kf7 53. g3
Bc5 54. Ke2 Nd6 55. Ne3 Bxe3 56. Kxe3 Nc4+ 57. Kd3 Ke6 58. Nc1 Kd6 59. Na2 Kc5
60. Ke2 Kb6 61. Kd3 Ka5 62. Nc1 a3 63. Ke2 Ka4 64. Kd3 Nd6 65. Ke3 b4 66. cxb4
Kxb4 67. Kd3 Nb5 68. Kc2 Nd4+ 69. Kb1 Kc4 70. Ka2 Nb5 71. Nb3 Kd3 72. Nc5+ Kd4
0-1

[Event "G7, gruppe 3"]
[Site "Skorping"]
[Date "2017.04.13"]
[Round "3"]
[White "Bogo, Mathias"]
[Black "Holten, Stig Abildgaard"]
[Result "1-0"]
[WhiteElo "1465"]
[BlackElo "1588"]
[PlyCount "87"]
[EventDate "2017.04.11"]

1. d4 Nf6 2. c4 d6 3. Nc3 Nbd7 4. Nf3 e5 5. Bg5 Be7 6. e3 c6 7. Qc2 Qc7 8.
O-O-O h6 9. Bh4 g5 10. Bg3 Nh5 11. Bd3 Nxg3 12. hxg3 exd4 13. Nxd4 Nf6 14. Bf5
Bd7 15. Ne4 O-O-O 16. Nd2 d5 17. c5 Qe5 18. N2b3 Ne8 19. Na5 Kb8 20. Qb3 Qc7
21. Bxd7 Rxd7 22. Naxc6+ Ka8 23. Nxe7 Qxc5+ 24. Kb1 Qxe7 25. Rc1 Ng7 26. Rxh6
Rhd8 27. Qc2 Kb8 28. Rc6 Qe4 29. Qxe4 dxe4 30. R6c4 f5 31. f3 Re8 32. f4 g4 33.
Ne2 Rd3 34. R4c3 Red8 35. Nd4 Rxc3 36. Rxc3 Rc8 37. Kc2 a6 38. Rxc8+ Kxc8 39.
Kc3 Kc7 40. Kc4 Kd6 41. a4 a5 42. Kb5 Kd5 43. b3 b6 44. Kxb6 1-0

[Event "G7, gruppe 3"]
[Site "Skorping"]
[Date "2017.04.13"]
[Round "3"]
[White "Andersen, Aage Kristian"]
[Black "Dithlevsen, Birgit"]
[Result "1-0"]
[WhiteElo "1678"]
[BlackElo "1615"]
[PlyCount "55"]
[EventDate "2017.04.11"]

1. d4 d5 2. c4 dxc4 3. Nc3 Nc6 4. e3 e6 5. Bxc4 Bd7 6. Nf3 Bb4 7. O-O Bxc3 8.
bxc3 Nf6 9. Ba3 a6 10. Bd3 b5 11. e4 Rb8 12. Ne5 Nxe5 13. dxe5 Ng8 14. Qg4 g6
15. Rad1 c6 16. Bb1 a5 17. Bd6 Rb7 18. a3 h6 19. Rd3 Qg5 20. Qe2 h5 21. f4 Qh6
22. Re3 f6 23. f5 g5 24. Ba2 Kf7 25. fxe6+ Bxe6 26. Bxe6+ Kxe6 27. Qa2+ Kd7 28.
Qf7+ 1-0

[Event "G7, gruppe 3"]
[Site "Skorping"]
[Date "2017.04.13"]
[Round "3"]
[White "Christensen, John Christopher H"]
[Black "Christensen, Michael Leon"]
[Result "0-1"]
[WhiteElo "1408"]
[BlackElo "1467"]
[PlyCount "88"]
[EventDate "2017.04.11"]

1. d4 Nf6 2. c4 e6 3. Nc3 d5 4. cxd5 Nxd5 5. Nxd5 Qxd5 6. Nf3 Nc6 7. e3 b6 8.
Qa4 Bd7 9. Qc4 Qa5+ 10. Bd2 Bb4 11. a3 Bxd2+ 12. Nxd2 O-O 13. Be2 Rac8 14. Bf3
b5 15. Qc2 Ne7 16. O-O Qb6 17. Rac1 c6 18. Ne4 Rc7 19. Nc5 Rd8 20. Be4 h6 21.
f4 f5 22. Bf3 Nd5 23. Bxd5 cxd5 24. Rf3 a5 25. Qd1 Be8 26. Rg3 b4 27. a4 Rdc8
28. b3 Rxc5 29. dxc5 Rxc5 30. Rxc5 Qxc5 31. Qd4 Qc1+ 32. Kf2 Qc2+ 33. Kf3 Bh5+
34. Rg4 Bxg4+ 35. Kg3 Qd1 36. Qxd1 Bxd1 37. Kf2 Bxb3 38. Ke2 Bxa4 39. Kd2 Bd7
40. Kc2 a4 41. Kb2 g5 42. g3 gxf4 43. gxf4 Kg7 44. h4 Kg6 0-1

[Event "G7, gruppe 3"]
[Site "Skorping"]
[Date "2017.04.13"]
[Round "3"]
[White "Weerd, Jens Ole van de"]
[Black "Jensen, Johannes Frank"]
[Result "1-0"]
[WhiteElo "1438"]
[BlackElo "1201"]
[PlyCount "131"]
[EventDate "2017.04.11"]

1. d4 d5 2. Bf4 Nf6 3. Nf3 Bg4 4. Ne5 e6 5. h3 Bf5 6. e3 Bd6 7. Bd3 Bxd3 8.
Qxd3 Bxe5 9. Bxe5 Nc6 10. Bh2 Qe7 11. a3 O-O 12. O-O e5 13. dxe5 Nxe5 14. Qc3
Rae8 15. Nd2 Qe6 16. Rfe1 Re7 17. f4 Nc4 18. Nxc4 dxc4 19. Rad1 Rfe8 20. Kh1 h6
21. Rd2 Ne4 22. Qd4 Nxd2 23. Qxd2 Qc6 24. Bg1 Rd7 25. Qc3 Rd6 26. f5 g6 27. Rf1
gxf5 28. Kh2 Rg6 29. g3 h5 30. h4 f4 31. Rxf4 Rg4 32. Rf5 Qd6 33. Bf2 Qd1 34.
Rxh5 Rg7 35. Qxc4 Qd2 36. Qf4 Qe2 37. Rf5 a6 38. h5 Rg4 39. Qxc7 Rf8 40. Kg2 f6
41. h6 Rf7 42. Qd8+ Kh7 43. Qd5 Kg6 44. Rf3 Qc4 45. Qf5+ Kxh6 46. Kh3 Rg5 47.
Qd3 Qe6+ 48. Kg2 Rh5 49. Kf1 Rd7 50. Qc3 Qf7 51. Rxf6+ Qxf6 52. Qxf6+ Kh7 53.
e4 b5 54. Bd4 Rc7 55. Qh8+ Kg6 56. Qg8+ Kh6 57. c3 b4 58. g4 bxc3 59. Be3+ Rg5
60. Qxg5+ Kh7 61. bxc3 Rf7+ 62. Ke2 Rg7 63. Qf5+ Kg8 64. g5 a5 65. g6 a4 66.
Qc8# 1-0

[Event "G7, gruppe 3"]
[Site "Skorping"]
[Date "2017.04.13"]
[Round "3"]
[White "Munksgaard, Bo"]
[Black "Jacobsen, Per"]
[Result "0-1"]
[WhiteElo "1724"]
[BlackElo "1574"]
[PlyCount "71"]
[EventDate "2017.04.11"]

1. Nf3 f5 2. d4 Nf6 3. c4 e6 4. a3 c6 5. Bf4 d5 6. Nbd2 Be7 7. h3 O-O 8. e3
Nbd7 9. Bd3 Ne4 10. Qe2 Ndf6 11. O-O-O Bd7 12. Ne5 Be8 13. f3 Nd6 14. g4 Nd7
15. gxf5 Nxf5 16. Rdg1 Bf6 17. Qg2 Qe7 18. Bxf5 exf5 19. Qh2 Bh5 20. h4 dxc4
21. Nexc4 c5 22. Bd6 Qe6 23. Bxf8 Rxf8 24. Qd6 Qf7 25. Ne5 Nxe5 26. dxe5 Be7
27. Qd3 c4 28. Qc3 Qe6 29. f4 Be2 30. Rh2 Bg4 31. Rg3 Rc8 32. Nf3 Qc6 33. Nd4
Qd5 34. Qc2 Qd7 35. Qc3 Qa4 36. e4 0-1

[Event "G7, gruppe 3"]
[Site "Skorping"]
[Date "2017.04.14"]
[Round "4"]
[White "Tolba, Henri"]
[Black "Munksgaard, Bo"]
[Result "1/2-1/2"]
[WhiteElo "1679"]
[BlackElo "1724"]
[PlyCount "59"]
[EventDate "2017.04.11"]

1. d4 e6 2. c4 f5 3. Nf3 Nf6 4. Nc3 Be7 5. e3 O-O 6. Bd3 Nc6 7. O-O d6 8. e4 e5
9. dxe5 dxe5 10. exf5 Qe8 11. Re1 Bd6 12. Bg5 Qh5 13. Ne4 Nxe4 14. Bxe4 Bxf5
15. c5 Be7 16. Bxe7 Nxe7 17. Bxb7 Rab8 18. Bd5+ Nxd5 19. Qxd5+ Kh8 20. Qxe5 Bg4
21. Qxh5 Bxh5 22. Re7 Rxb2 23. Rxc7 a5 24. Ra7 h6 25. c6 Bxf3 26. gxf3 Rc2 27.
Rxa5 Rxc6 28. Ra3 Rd8 29. Re3 Rd2 30. f4 1/2-1/2

[Event "G7, gruppe 3"]
[Site "Skorping"]
[Date "2017.04.14"]
[Round "4"]
[White "Christensen, Michael Leon"]
[Black "Andersen, Aage Kristian"]
[Result "0-1"]
[WhiteElo "1467"]
[BlackElo "1678"]
[PlyCount "86"]
[EventDate "2017.04.11"]

1. d4 d5 2. c4 e6 3. Nc3 c6 4. c5 b6 5. b4 bxc5 6. bxc5 Ba6 7. g3 g6 8. Bg2 Bg7
9. e3 Ne7 10. Nge2 O-O 11. O-O e5 12. Rb1 exd4 13. exd4 Nf5 14. Be3 Re8 15. Qd2
Bc4 16. Rb2 Qe7 17. Bg5 f6 18. Bf4 g5 19. Bxb8 Raxb8 20. Rxb8 Rxb8 21. Bh3 Nh6
22. Rd1 Rb4 23. Nxd5 Bxd5 24. Qxb4 Qxe2 25. Re1 Qf3 26. Be6+ Bxe6 27. Rxe6 Kf7
28. Qc4 Kg6 29. Re3 Qf5 30. Ra3 Qb1+ 31. Kg2 Qe4+ 32. f3 Qe7 33. Qd3+ f5 34.
Qa6 Bxd4 35. Qxc6+ Kg7 36. Qb5 Bxc5 37. Rc3 Bb6 38. a4 Qe1 39. Qd7+ Nf7 40. Rc2
Qg1+ 41. Kh3 Qf1+ 42. Rg2 Qxf3 43. Rc2 Qg4+ 0-1

[Event "G7, gruppe 3"]
[Site "Skorping"]
[Date "2017.04.14"]
[Round "4"]
[White "Holten, Stig Abildgaard"]
[Black "Dithlevsen, Birgit"]
[Result "1/2-1/2"]
[WhiteElo "1588"]
[BlackElo "1615"]
[PlyCount "75"]
[EventDate "2017.04.11"]

1. d4 d5 2. Bf4 e6 3. e3 Bd6 4. Bg3 Bxg3 5. hxg3 Nf6 6. Nf3 Bd7 7. c3 a6 8. Qb3
Bc6 9. Nbd2 Nbd7 10. Bd3 Ne4 11. Qc2 Ndf6 12. Ne5 Qd6 13. Ndf3 h6 14. g4 g5 15.
Nxc6 Qxc6 16. Ne5 Qd6 17. f3 Nc5 18. f4 Nxd3+ 19. Qxd3 Ne4 20. Nc4 Qc6 21. Nd2
Nf6 22. fxg5 Nxg4 23. g6 f5 24. Nf3 Qd6 25. Rh3 O-O-O 26. Qc2 Nxe3 27. Qe2 Ng4
28. O-O-O Rdg8 29. Nh4 Nf6 30. Re1 Re8 31. Nf3 Ng4 32. Qc2 Qf4+ 33. Kb1 Rhg8
34. Nh4 Nf6 35. Qe2 Kd7 36. Nf3 Qe4+ 37. Qxe4 dxe4 38. Ne5+ 1/2-1/2

[Event "G7, gruppe 3"]
[Site "Skorping"]
[Date "2017.04.14"]
[Round "4"]
[White "Nielsen, Rune"]
[Black "Jensen, Johannes Frank"]
[Result "1-0"]
[WhiteElo "1339"]
[BlackElo "1201"]
[PlyCount "105"]
[EventDate "2017.04.11"]

1. e4 d5 2. exd5 Qxd5 3. Nc3 Qa5 4. d3 c6 5. Bd2 Nf6 6. Nf3 Bg4 7. Be2 Bxf3 8.
Bxf3 e6 9. Ne4 Qd8 10. Bc3 Be7 11. h3 Nbd7 12. Bg4 Nxe4 13. dxe4 Bf6 14. Qd2
Bxc3 15. Qxc3 Nf6 16. Rd1 Qc7 17. Bf3 Rd8 18. O-O O-O 19. e5 Nd5 20. Qa3 Qxe5
21. c4 Nb6 22. b3 Rxd1 23. Rxd1 g6 24. Qxa7 Nc8 25. Qxb7 Nd6 26. Qxc6 Nf5 27.
Qe4 Qa5 28. a4 e5 29. Qd5 Qxd5 30. Bxd5 Nd4 31. b4 Rc8 32. Re1 Re8 33. f4 Kg7
34. Rxe5 Rxe5 35. fxe5 f6 36. exf6+ Kxf6 37. a5 h5 38. a6 Ne6 39. Bxe6 Kxe6 40.
a7 g5 41. a8=Q g4 42. h4 g3 43. Qd5+ Kf6 44. Qxh5 Kg7 45. Qg4+ Kf6 46. Qxg3 Kf5
47. h5 Ke4 48. h6 Kd4 49. h7 Ke4 50. h8=Q Kf5 51. Qf8+ Ke4 52. Qgf3+ Kd4 53.
Q8f4# 1-0

[Event "G7, gruppe 3"]
[Site "Skorping"]
[Date "2017.04.14"]
[Round "4"]
[White "Staugaard, Henning"]
[Black "Weerd, Jens Ole van de"]
[Result "1-0"]
[WhiteElo "1493"]
[BlackElo "1438"]
[PlyCount "21"]
[EventDate "2017.04.11"]

1. e4 e6 2. Nf3 Bc5 3. d4 Bb6 4. Bd3 Ne7 5. Nc3 O-O 6. O-O d5 7. e5 Nbc6 8. Be3
Bd7 9. Bxh7+ Kxh7 10. Ng5+ Kg8 11. Qh5 1-0

[Event "G7, gruppe 3"]
[Site "Skorping"]
[Date "2017.04.14"]
[Round "4"]
[White "Jacobsen, Per"]
[Black "Bogo, Mathias"]
[Result "1-0"]
[WhiteElo "1574"]
[BlackElo "1465"]
[PlyCount "101"]
[EventDate "2017.04.11"]

1. b3 e5 2. Bb2 Nc6 3. e3 Bc5 4. Nf3 d6 5. Be2 Nf6 6. O-O O-O 7. d4 exd4 8.
exd4 Bb6 9. a3 d5 10. c4 a6 11. Nbd2 Be6 12. c5 Ba7 13. Rc1 b6 14. b4 bxc5 15.
dxc5 Bb8 16. Qc2 Ne7 17. Bxf6 gxf6 18. Qc3 Ng6 19. Rfd1 c6 20. Ne4 Be5 21. Qe1
Qc7 22. Nxe5 fxe5 23. Nf6+ Kh8 24. Qd2 Qe7 25. Nh5 f6 26. Qh6 Rg8 27. Rc3 Raf8
28. Bxa6 Bd7 29. Ng3 Rb8 30. Be2 Nf4 31. Bd3 Qf7 32. Bb1 d4 33. Rc2 Be6 34. Rb2
Ra8 35. b5 cxb5 36. Rxb5 Rxa3 37. Be4 Rc3 38. Rb7 Rg6 39. Rb8+ Rg8 40. Rb7 Rg6
41. Bxg6 Qxg6 42. Qxg6 Nxg6 43. Ne4 Rc2 44. Nxf6 Nf8 45. Ne4 Nd7 46. Ng5 Bf5
47. h3 Nxc5 48. Rf7 Bg6 49. Re7 d3 50. Ra1 Be4 51. Nxe4 1-0

[Event "G7, gruppe 3"]
[Site "Skorping"]
[Date "2017.04.15"]
[Round "5"]
[White "Bogo, Mathias"]
[Black "Andersen, Aage Kristian"]
[Result "0-1"]
[WhiteElo "1465"]
[BlackElo "1678"]
[PlyCount "60"]
[EventDate "2017.04.11"]

1. d4 d5 2. c4 e6 3. Nc3 c6 4. a3 Nf6 5. Bg5 Be7 6. e3 Nbd7 7. Qc2 O-O 8. Bd3
dxc4 9. Bxf6 Nxf6 10. Bxc4 c5 11. Nge2 cxd4 12. Nxd4 a6 13. Rd1 Qc7 14. O-O
Qxc4 15. Rfe1 Qc7 16. h3 e5 17. Nf3 Be6 18. Qb1 Rac8 19. Rc1 Qb8 20. e4 b5 21.
Na2 Rxc1 22. Nxc1 Nd7 23. Nd3 f6 24. Rd1 Nc5 25. Nb4 Qb7 26. Re1 Rd8 27. g4 a5
28. Nc2 Nxe4 29. Na1 Nd2 30. Nxd2 Rxd2 0-1

[Event "G7, gruppe 3"]
[Site "Skorping"]
[Date "2017.04.15"]
[Round "5"]
[White "Munksgaard, Bo"]
[Black "Staugaard, Henning"]
[Result "1-0"]
[WhiteElo "1724"]
[BlackElo "1493"]
[PlyCount "77"]
[EventDate "2017.04.11"]

1. Nf3 Nc6 2. d4 d5 3. Bf4 Bf5 4. a3 a5 5. e3 e6 6. c4 Bd6 7. Bg3 Nf6 8. Nc3
O-O 9. Rc1 h6 10. Be2 Re8 11. Ne5 Bxe5 12. dxe5 Nd7 13. f4 Nb6 14. cxd5 Nxd5
15. Nxd5 Qxd5 16. O-O Qe4 17. Bf2 Qd5 18. Bf3 Be4 19. Qxd5 Bxd5 20. e4 Bb3 21.
Rc3 a4 22. Bd1 Bxd1 23. Rxd1 g5 24. g3 Red8 25. Rcd3 Kf8 26. Kf1 Ke8 27. Ke2
Ra5 28. Be1 Rb5 29. Bc3 g4 30. Rxd8+ Nxd8 31. h3 h5 32. hxg4 hxg4 33. Rh1 Nc6
34. Kd3 Ne7 35. Rh4 f5 36. exf6 Ng6 37. Rxg4 Kf7 38. Rg5 Rb6 39. Ra5 1-0